000 02095nab a2200217 i 4500
001 768714001
003 CO-MdFUSB
005 20240614100312.0
008 240614t2013 ck ||||| |||| 00| 0 spa d
040 _bspa
_cCO-MdFUSB
_dCO-MdFUSB
041 _aspa
100 _aTorres Silvera, Cleise José,
_eautor
245 1 3 _aLegalización de la captura :
_bderechos y garantías
_c/ Cleise José Torres Silvera
520 _aEl presente artículo presenta los resultados de una investigación bibliográfica de los derechos y garantías fundamentales y/o procesales del detenido en el sistema penal colombiano. En este contexto, se hace una descripción breve de los derechos y garantías, que, a mi juicio, bajo la normatividad internacional deben garantizarse en materia de Derecho Penal para hablar de una captura legal, por lo que corresponde al juez de control de garantías verificar que desde la aprehensión hasta cuando la persona es llevada ante él, se respeten en todo momento sus derechos y garantías inherentes a cualquier persona, ya hubiese sido capturada en situación de flagrancia, en cumplimiento de orden impartida por autoridad judicial competente o por orden escrita de la Fiscalía General de la Nación, en los casos y con el lleno de los requisitos legales. A su vez, se confrontarán estas garantías en el ámbito del Derecho para establecer, con mayor claridad, el alcance propio de tales derechos en Colombia; así, se evaluará, por ejemplo el ejercicio del Derecho a la asistencia legal (a un abogado), a comparecer dentro del menor tiempo posible ante autoridad judicial competente, garantías, que como viene dicho es necesario se respeten para que se defina que la aprehensión ha sido legal.
650 7 _aJusticia
_92116
650 0 _aDerechos civiles.
_91718
650 0 _aCiencias políticas
_9926
773 0 _070182
_982764
_dBarranquilla - Medellín, Colombia :
_oR2639
_tPensamiento Americano
_w(CO-MdFUSB)768714001
_gVolumen 6, (número 11, 2013 ) páginas: 69 - 96
_qpágina: 69
942 _cANA
945 _aCatherine Arias Álvarez - Practicante SENA
999 _c70205
_d70205